00601 2200217 4500001002100000005001700021008004100038035002400079082001000103090002000113100001600133245009600149260003100245300002400276650001200300700002300312850001200335980001500347985000600362999001500368YOGYA-0209000005123820090227032655.0 ind  0010-020900000051238 a616.9 a616.9bSeh HlT aSchiif Fner aHandriding voorhet epidemiologich malaria - anderzoekcDoor W.Schiiffner, N.h Swellengrebel aAlbrechtbWelcuredenc1918 a67 hlmbilusc19 cm aMalaria aSwellengrebel, N.H aYOPDYOG a27-11-2007 a1 aa000006047